000 00594nam a2200205Ia 4500
003 IN-BaIIA
008 211028s9999 xx 000 0 eng d
020 _a0-7167-1467-1
040 _cIIA Library
080 _a523.4
_bTHE
100 _aMurray, Bruce
_912291
245 4 _aThe planets
_breadings from Scientific American
_cBruce Murray and Carl Sagan
260 _aSan Francisco
_bW. H. Freeman
_c1983
300 _aviii, 132p.
650 _aAstronomy and Astrophysics Thesaurus
650 _aPlanetary Systems
_9965
650 _aPlanets
_9971
700 _aSagan, Carl
_94728
942 _cBK
999 _c8197
_d8197